Harry Potter: les Phénix - Statistiques

Statistiques générales
  • Ce quiz a été pris 52 fois
  • Le résultat moyen est 7 sur 11
Statistiques - réponses
Information Réponses % Correct
Première apparition Harry Potter et la Chambre des Secrets
92%
Phénix connu Fumseck
90%
Première mention Harry Potter à l’école des sorciers
85%
Description Grand oiseau rouge
82%
Dernière apparition Harry Potter et le Prince de Sang-Mêlé
82%
Particularité Renaît de ses cendres
82%
Statut Animal
72%
Vertu des larmes Soigner les blessures
62%
"Pouvoir" Porter des charges lourdes
23%
Phénix connu Flamesh
21%
Vertu du chant Donne du courage
18%
Aucun quiz correspondant
Distribution des résultats
% des personnes avec chaque résultat
Percentile par nombre de réponses
Votre historique - résultats
Vous n’avez pas pris ce quiz